Almanca Kelimeler - Statistics

General Stats
  • This quiz has been taken 30 times
  • The average score is 11 of 21
Answer Stats
Almanca Türkçe % Correct
Rot Kırmızı
88%
Krankenhaus Hastane
85%
Sommer Yaz
85%
Zucker Şeker
81%
Hund Köpek
77%
Zimmer Oda
77%
Hut Şapka
69%
Flugzeug Uçak
69%
Zitrone Limon
65%
Herz Kalp
58%
Fernster Pencere
58%
Schwein Domuz
54%
Brief Mektup
54%
Blitz Şimşek
42%
Löwe Aslan
38%
Straßenbahn Tramvay
38%
Schmetterling Kelebek
35%
Qualle Denizanası
19%
Seide İpek
15%
Gans Kaz
12%
Kohle Köl
0%
No matching quizzes found
Score Distribution
Percent of People with Each Score
Percentile by Number Answered
Your Score History
You have not taken this quiz